| 000 | 00657cam a2200193 i 4500 | ||
|---|---|---|---|
| 005 | 20251108172857.0 | ||
| 008 | 250721s2004 ua gr 000 0 ara d | ||
| 020 | _a9772912968 | ||
| 082 | 1 | 4 |
_a025.431 _bع ا ي |
| 100 | 1 |
_aالعايدي, محمد عوض _eمعد. |
|
| 245 | 1 | 0 |
_aتصنيف ديوي العشري القياسي / _cإعداد محمد عوض العايدي. |
| 250 | _aالطبعة الأولى. | ||
| 264 | 1 |
_aالقاهره : _bمركز الكتاب للنشر، _c2004. |
|
| 300 | _a2 مجلد. | ||
| 650 | 1 | 7 | _aالمكتبات. |
| 650 | 1 | 7 | _aتصنيف ديوي العشري. |
| 942 |
_2ddc _cBK |
||
| 999 |
_c90687 _d90687 |
||